Escalpelo
Tallennettuna:
| Päätekijä: | |
|---|---|
| Aineistotyyppi: | Kirja |
| Kieli: | espanja |
| Julkaistu: |
Santiago
Imprenta de San José
1925
|
| Painos: | 1a. ed |
| Aiheet: | |
| Tagit: |
Lisää tagi
Ei tageja, Lisää ensimmäinen tagi!
|
MARC
| LEADER | 00000nam a2200000 a 4500 | ||
|---|---|---|---|
| 001 | UCZ2845 | ||
| 003 | CL-VaPUC | ||
| 008 | 951013e19250000CL |||||||||||||||||spa|d | ||
| 082 | 0 | 4 | |a Ch864 |b LAT |2 21 |
| 100 | |a Latcham, Ricardo Antonio |e author |9 420817 | ||
| 245 | 1 | 0 | |a Escalpelo |
| 246 | 1 | 0 | |a Ensayos críticos |
| 250 | |a 1a. ed | ||
| 300 | |a 241 p | ||
| 942 | |c BK | ||
| 945 | |d 19951013 00:00:00 |a rbrito | ||
| 260 | |a Santiago |b Imprenta de San José |c 1925 | ||
| 600 | 0 | |a Oña, Pedro de, |d 1570-1643 |9 316411 | |
| 600 | 0 | |a Ercilla y Zúñiga, Alonso de |e autor |9 267605 | |
| 600 | 0 | 7 | |a EDWARDS BELLO, JOAQUIN |2 CL-VaPUC |9 344236 |
| 600 | 0 | 7 | |a BARRIOS, EDUARDO |2 CL-VaPUC |9 320692 |
| 650 | 0 | |a Ensayos chilenos |9 269132 | |
| 650 | 0 | |a Crítica e interpretación literaria |9 266284 | |
| 650 | 0 | |a Romanticismo |9 266698 | |
| 583 | |a last modification |c 19951013 00:00:00 |k Rodrigo Vera | ||
| 999 | |c 239396 |d 239394 | ||
| 952 | |0 0 |1 0 |4 0 |6 CH_864_000000000000000_LAT_1925 |7 0 |8 A |9 250496 |a BIBEDU |b BIBEDU |d 2019-11-18 |i 2005379 |o Ch864 LAT 1925 |p 2005379 |r 2019-11-18 |w 2019-11-18 |y BK |k LIT | ||
| 952 | |0 0 |1 0 |4 0 |6 CH_864_000000000000000_LAT_1925 |7 0 |8 X |9 250497 |a FDOBUD |b FDOBUD |d 2019-11-18 |i 100154K |o Ch864 LAT 1925 |p 100154K |r 2019-11-18 |w 2019-11-18 |y BK_X |k BUD | ||